1990s Movies by DITLOID - Statistics

General Stats
  • This quiz has been taken 62 times
  • The average score is 19 of 33
Answer Stats
Genre Ditloid Movie % Correct
Comedy M in B Men in Black
100%
Family 101 D 101 Dalmatians
94%
Comedy 10 T I H A Y 10 Things I Hate About You
88%
Horror I K W Y D L S I Know What You Did Last Summer
88%
Drama As G as I G As Good as It Gets
87%
Family J and the G P James and the Giant Peach
87%
Family B and the B Beauty and the Beast
85%
Family The H of N D The Hunchback of Notre Dame
81%
Thriller The S of the L The Silence of the Lambs
81%
Sci-Fi 12 M 12 Monkeys
77%
Drama D with W Dances with Wolves
77%
Comedy F W and a F Four Weddings and a Funeral
73%
Drama R + J Romeo + Juliet
67%
Sci-Fi F / O Face/Off
65%
Horror N of the L D Night of the Living Dead
65%
Horror/ Thriller From D T D From Dusk Till Dawn
62%
Horror The B W P The Blair Witch Project
58%
Comedy A V: P D Ace Ventura: Pet Detective
54%
Comedy Y G M You've Got Mail
52%
Drama G, I Girl, Interrupted
48%
Drama R H: P of T Robin Hood: Prince of Thieves
48%
Sci-Fi J P Jurassic Park
46%
Comedy A P: I M of M Austin Powers: International Man of Mystery
44%
Comedy M B F W My Best Friend's Wedding
38%
Comedy D and C Dazed and Confused
33%
Sci-Fi G Q Galaxy Quest
31%
Family H A Home Alone
31%
Drama S in L Shakespeare in Love
23%
Comedy T S A M There's Something About Mary
23%
Drama A L of T O A League of Their Own
21%
Thriller The H T R the C The Hand That Rocks the Cradle
15%
Family The N B C The Nightmare Before Christmas
15%
Drama A R R T I A River Runs Through It
12%
No matching quizzes found
Score Distribution
Percent of People with Each Score
Percentile by Number Answered
Your Score History
You have not taken this quiz